000 00503nam a2200181 4500
001 115987
003 ES-MaACL
005 20231228063226.0
007 t|
008 061121s1980 sp r ||||1| spa d
100 1 _aPanero, Leopoldo María,
_d1948-2014
_988768
245 1 3 _aEl que no ve /
_cLeopoldo María Panero.
250 _a[1ª ed.].
260 _aMadrid :
_bLa Banda de Moebius,
_c1980.
300 _a47 p. ;
_c21 cm.
852 _aES-MaACL
_j2115-F-14
999 _c115987
_d115987